000 00552nam a22001817a 4500
005 20251108165510.0
008 250721s1997 xx 000 0 ara d
082 1 4 _a618.3/هان
100 1 _aهانت، أريكا
245 1 0 _aالحمل و الولادة /
264 1 _aبيروت :
_bمؤسسة الإنتشار العربي،
_c1997.
300 _a119ص
490 0 _aسلسة الحياة الصحية : دليل المرأة العصرية ؛5
650 1 7 _aالحمل
650 1 7 _aالولادة
942 _2ddc
_cBK
999 _c29366
_d29366